000 01775nam a2200265 a 4500
008 120416s1969 ||||||||||||||||| || u
020 _a0713122412
050 _aQD 151.5 Moo
100 _aMoody, B. J. (Bernard John)
245 1 0 _aComparative inorganic chemistry
250 _a2nd ed.
260 _aLondon
_bEdward Arnold
_c1969
300 _aix, 469 p. illus.
350 _a0.00
650 0 _aCHEMISTRY, INORGANIC--HANDBOOKS, MANUALS, ETC
650 0 _aCHEMISTRY--HANDBOOKS, MANUALS, ETC
995 _aMAIN LIBRARY OPEN ACCESS
_D0.00
_e717622
_FCBU-MAIN LIBRARY (Kitwe)
_H1
_I2.40
_jQD 151.5 Moo
_M1
_UAVAILABLE
_y012311
_ZMain Library Open Access Collection
995 _aBINDERY (DAMAGED)
_D0.00
_e715264
_FCBU-MAIN LIBRARY (Kitwe)
_H2
_I2.40
_jQD 151.5 Moo
_M7
_UDAMAGED
_y715264
_ZMain Library Open Access Collection
995 _aMAIN LIBRARY OPEN ACCESS
_D0.00
_e715166
_FCBU-MAIN LIBRARY (Kitwe)
_H8
_I2.40
_jQD 151.5 Moo
_M3
_UAVAILABLE
_y012313
_ZMain Library Open Access Collection
995 _aANNEX COLLECTION (Main Library)
_D0.00
_e718381
_FCBU-MAIN LIBRARY (Kitwe)
_H4
_I2.40
_jQD 151.5 Moo
_M4
_UAVAILABLE
_y012314
_ZAnnex Low-Usage Collection
995 _aBINDERY (DAMAGED)
_D0.00
_e718380
_FCBU-MAIN LIBRARY (Kitwe)
_H6
_I2.40
_jQD 151.5 Moo
_M8
_UDAMAGED
_y718380
_ZMain Library Open Access Collection
995 _aANNEX COLLECTION (Main Library)
_D0.00
_e715168
_FCBU-MAIN LIBRARY (Kitwe)
_H3
_I2.40
_jQD 151.5 Moo
_M2
_UAVAILABLE
_y012312
_ZAnnex Low-Usage Collection
995 _aANNEX COLLECTION (Main Library)
_D0.00
_e715167
_FCBU-MAIN LIBRARY (Kitwe)
_H7
_I2.40
_jQD 151.5 Moo
_M5
_UAVAILABLE
_y012315
_ZAnnex Low-Usage Collection
995 _aMAIN LIBRARY OPEN ACCESS
_D0.00
_e718382
_FCBU-MAIN LIBRARY (Kitwe)
_H5
_I2.40
_jQD 151.5 Moo
_M6
_UAVAILABLE
_y012316
_ZMain Library Open Access Collection
999 _c79580
_d79580